00289nam a2200121Ia 4500008004100000082001500041100002200056245002800078250000800106260003700114300000800151650000800159191201s2012 xx 000 0 und d a658.5bMCO aMCSHANE, Steven L 0aOrganizational Behavior aRep aN.DelhibTata mc Graw Hillc2012 a793 aMBA